000 00432pab a2200157 454500
008 180718b1997 xxu||||| |||| 00| 0 eng d
100 _aChoudhury, Rabindra Kumar
245 _aApproach to Ninth Five Year Plan: how pragmatic are its salient features?
260 _c1997
300 _ap.3-7
362 _aMar-Apr
650 _aEconomic planning - India
650 _aEconomic planning
773 _aKurukshetra
909 _a34126
999 _c34126
_d34126